Statistics for Types of Masters in Chess

Click here to take the quiz!

General Stats

  • This quiz has been taken 32 times
  • The average score is 7 of 8

Answer Stats

Masters% Correct
GM
100%
FM
96%
IM
96%
WGM
91%
CM
87%
WCM
87%
WFM
87%
WIM
87%

Score Distribution

Percentile by Number Answered

Percent of People with Each Score

Your Score History

You have not taken this quiz